000 00278nam a2200121 i 4500
001 bg
245 0 _aMechanika budowli :
_bujęcie komputerowe.
_nT. 1.
260 _aWarszawa,
_c1983.
040 _cBPK
041 _apol
942 _cKS
008 s pl f |000 0 pol
999 _c5313
_d5313
856 _uhttp://koha.tu.koszalin.pl/cgi-bin/koha/opac-detail.pl?biblionumber=5313
_yKatalog online BPK